| 000 -ლიდერი |
| ფიქსირებული სიგრძის საკონტროლო ველი |
01143nam a22002297a 4500 |
| 003 - საკონტროლო ნომრის იდენტიფიკატორი |
| საკონტროლო ველი |
Ge_BSU |
| 005 - ბოლო ოპერაციის თარიღი და დრო |
| საკონტროლო ველი |
20200819141607.0 |
| 008 - ფიქსირებული სიგრძის მონაცემთა ელემენტები - ზოგადი ინფორმაცია |
| ფიქსირებული სიგრძის საკონტროლო ველი |
200819s2019 ge ||||| |||| 00| 0 geo d |
| 020 ## - წიგნის საერთაშორისო სტანდარტული ნომერი |
| International Standard Book Number |
9789941963872 |
| 041 ## - ენის კოდი |
| Language code of text/sound track or separate title |
geo |
| 080 ## - უნივერსალური ათობითი კლასიფიკაციის ინდექსი |
| Universal Decimal Classification number |
343.9 გ-13 |
| 100 ## - მთავარი ჩანაწერი - პიროვნების სახელი |
| Personal name |
გაბუნია, მიხეილ |
| 9 (RLIN) |
9264 |
| 245 ## - ცნობა სათაურის შესახებ |
| Title |
კრიმინოლოგია : |
| Remainder of title |
დამხმარე სახელმძღვანელო / |
| Statement of responsibility, etc |
მიხეილ გაბუნია; [ რედ.:ტატიანა ლეონენკო, კახა გაბუნია;რეცენზ.:მიხეილ მამნიაშვილი ] . |
| 264 ## - წარმოების, გამოცემის, დისტრიბუციის და სხვა ცნობები |
| გამოცემის, წარმოების, დისტრიბუციის... ადგილი |
თბ.: |
| გამოცემის, წარმოების, დისტრიბუციის... სახელწოდება |
,, იურისტების სამყარო ", |
| გამოცემის, წარმოების, დისტრიბუციის... თარიღი |
2019. |
| 300 ## - ფიზიკური აღწერა |
| Extent |
201 გვ .; |
| Other physical details |
20 სმ. |
| 504 ## - BIBLIOGRAPHY, ETC. NOTE |
| Bibliography, etc |
ბიბლიოგრ. გვ. 196-199 |
| 653 ## - INDEX TERM--UNCONTROLLED |
| Uncontrolled term |
კრიმინოლოგია |
| 653 ## - INDEX TERM--UNCONTROLLED |
| Uncontrolled term |
სამართალი |
| 700 ## - ADDED ENTRY--PERSONAL NAME |
| Personal name |
ლეონენკო,ტატიანა |
| Relator term |
რედაქტორი |
| 9 (RLIN) |
9265 |
| 700 ## - ADDED ENTRY--PERSONAL NAME |
| Personal name |
გაბუნია, კახა |
| Relator term |
რედაქტორი |
| 9 (RLIN) |
4175 |
| 942 ## - ADDED ENTRY ELEMENTS (KOHA) |
| Source of classification or shelving scheme |
|
| Koha item type |
წიგნი |